000 00626nam a2200193Ii 4500
003 JO-AjNU
008 230605s9999||||xx |||||||||||||| ||und||
040 _aJO-AjNU
_bara
_erda
_cJO-AjNU
041 _aara
050 1 4 _aQA37.3.M4877 1987
100 3 _aياسي، محمد شفيق,
_eauthor
_938633
245 0 0 _aالرياضيات لطلاب الصيدلة
264 3 1 _aدمشق:المطبعة الجديدة، 1987
300 _a382ص
336 _atext
_btxt
_2rdacontent
337 _aunmediated
_bn
_2rdamedia
338 _avolume
_bnc
_2rdacarrier
650 4 _aالرياضيات - دراسة وتعليم
_938634
999 _aA16247
_c19815
_d19815